[Event "4NCL/Div1/BET vs. HKF1"]
[Site "Birmingham ENG"]
[Date "2007.11.10"]
[Round "3.3"]
[White "Hunt, Harriet"]
[Black "Greet, Andrew N"]
[Result "1/2-1/2"]
[WhiteElo "2448"]
[BlackElo "2441"]
[PlyCount "117"]
[EventDate "2007.11.10"]
[EventType "team"]
[EventRounds "11"]
[EventCountry "ENG"]
[SourceDate "2007.09.15"]

1. e4 c5 2. Nf3 g6 3. d4 cxd4 4. Nxd4 Nc6 5. c4 Nf6 6. Nc3 d6 7. Be2 Nxd4 8.
Qxd4 Bg7 9. Be3 O-O 10. Qd2 Be6 11. Rc1 Qa5 12. f3 Rfc8 13. b3 a6 14. Nd5 Qxd2+
15. Kxd2 Nxd5 16. cxd5 Bd7 17. a4 Bb2 18. Rc2 Ba3 19. Bb6 Rxc2+ 20. Kxc2 Rc8+
21. Kb1 Kg7 22. a5 Bb5 23. Bxb5 axb5 24. Rd1 g5 25. g3 f6 26. f4 gxf4 27. gxf4
Rc3 28. Ka2 Bb4 29. Rg1+ Kf7 30. Rg2 f5 31. Re2 fxe4 32. Rxe4 Bc5 33. Kb2 Rd3
34. Bxc5 dxc5 35. Re6 c4 36. bxc4 bxc4 37. Rh6 Rxd5 38. Rxh7+ Ke8 39. Kc3 Rxa5
40. Kxc4 Ra4+ 41. Kd5 Rxf4 42. h4 Kd7 43. h5 Rh4 44. Kc5 Rh1 45. h6 Rc1+ 46.
Kd5 b6 47. Rh8 Rc5+ 48. Ke4 Rh5 49. Kf4 Ke6 50. Kg4 Rh1 51. Rb8 Kf6 52. Rxb6+
e6 53. Rb5 Rxh6 54. Kf4 Rh4+ 55. Ke3 Rh1 56. Ra5 Re1+ 57. Kf3 Re5 58. Rxe5 Kxe5
59. Ke3 1/2-1/2

[Event "4NCL/Div1/BET vs. HKF1"]
[Site "Birmingham ENG"]
[Date "2007.11.10"]
[Round "3.4"]
[White "Trent, Lawrence"]
[Black "Ansell, Simon"]
[Result "1-0"]
[WhiteElo "2460"]
[BlackElo "2405"]
[PlyCount "111"]
[EventDate "2007.11.10"]
[EventType "team"]
[EventRounds "11"]
[EventCountry "ENG"]
[SourceDate "2007.09.15"]

1. e4 c5 2. Nf3 Nc6 3. Bb5 e6 4. O-O Nge7 5. Re1 a6 6. Bf1 d5 7. exd5 Nxd5 8.
d4 Nf6 9. Be3 cxd4 10. Nxd4 Nxd4 11. Qxd4 Qxd4 12. Bxd4 Bd7 13. c4 Be7 14. Nd2
Bc6 15. a3 Rd8 16. Bc3 O-O 17. b4 Ba4 18. Nf3 Nd7 19. Rac1 Rc8 20. c5 Rfd8 21.
Bc4 Bf6 22. Bxf6 Nxf6 23. Ne5 Rc7 24. g3 Kf8 25. Bf1 Nd7 26. Nc4 Nf6 27. Nb6
Bb5 28. Bg2 Bc6 29. Rcd1 Rxd1 30. Rxd1 Bxg2 31. Kxg2 Ke7 32. f4 Nd7 33. Nc4 Nf6
34. Kf3 h5 35. Nb6 Nd7 36. Nc4 Nf6 37. Nb6 Nd7 38. Rd6 Nxb6 39. Rxb6 Kf6 40.
Ke4 g5 41. fxg5+ Kxg5 42. Ke5 Re7 43. a4 Rd7 44. Rd6 Rc7 45. Rd8 a5 46. Rg8+
Kh6 47. Kf6 Kh7 48. Rg7+ Kh6 49. g4 hxg4 50. Rxg4 Kh7 51. b5 Rxc5 52. Kxf7 Rh5
53. Kxe6 Rxh2 54. Kd5 Rc2 55. Rc4 Rd2+ 56. Kc5 1-0

[Event "4NCL/Div1/BET vs. HKF1"]
[Site "Birmingham ENG"]
[Date "2007.11.10"]
[Round "3.5"]
[White "Webb, Laurence E"]
[Black "Hanley, Craig A"]
[Result "1-0"]
[WhiteElo "2289"]
[BlackElo "2436"]
[PlyCount "49"]
[EventDate "2007.11.10"]
[EventType "team"]
[EventRounds "11"]
[EventCountry "ENG"]
[SourceDate "2007.09.15"]

1. e4 e5 2. Nf3 Nc6 3. d4 exd4 4. Bc4 Bc5 5. c3 Nf6 6. e5 d5 7. Bb5 Ne4 8. cxd4
Bb6 9. Be3 O-O 10. Nc3 Bg4 11. h3 Bxf3 12. gxf3 Nxc3 13. bxc3 f6 14. f4 fxe5
15. fxe5 Nxe5 16. dxe5 Bxe3 17. fxe3 c6 18. Be2 Qh4+ 19. Kd2 Rfe8 20. Qe1 Qg5
21. Rg1 Qxe5 22. Qg3 Qe7 23. Raf1 b5 24. Qg5 Qb7 25. Bd3 1-0

[Event "4NCL/Div1/BET vs. HKF1"]
[Site "Birmingham ENG"]
[Date "2007.11.10"]
[Round "3.7"]
[White "Ledger, David J"]
[Black "Burrows, Martin P"]
[Result "1-0"]
[WhiteElo "2266"]
[BlackElo "2204"]
[PlyCount "99"]
[EventDate "2007.11.10"]
[EventType "team"]
[EventRounds "11"]
[EventCountry "ENG"]
[SourceDate "2007.09.15"]

1. e4 c5 2. Nc3 Nc6 3. Bb5 Nd4 4. Bc4 e6 5. Nge2 a6 6. d3 b5 7. Bb3 Nxb3 8.
axb3 Bb7 9. O-O Nf6 10. Ng3 d6 11. f4 Be7 12. f5 b4 13. Nce2 e5 14. Bg5 h5 15.
Rf3 h4 16. Nh1 d5 17. Bxf6 Bxf6 18. Nf2 Qb6 19. Kh1 Rd8 20. Qe1 Rd7 21. Ng1 Qd8
22. exd5 Bxd5 23. Ne4 Qa8 24. Re3 Be7 25. Qe2 Qc6 26. h3 Ra7 27. Nf3 Qc7 28.
Ned2 f6 29. Qf2 c4 30. bxc4 Ba8 31. d4 exd4 32. Nxd4 Kf7 33. Nb5 axb5 34. Rxe7+
Qxe7 35. Rxa7 Bb7 36. cxb5 Rd8 37. b6 Kg8 38. Ra1 Qd6 39. Nc4 Qd5 40. b3 Re8
41. Rg1 Re4 42. Nb2 Rd4 43. Nc4 Re4 44. Qf3 Qc5 45. Qd3 Rd4 46. Qe3 Ba6 47. Qf3
Bxc4 48. b7 Qc7 49. bxc4 Rd7 50. c5 1-0

[Event "4NCL/Div1/BET vs. HKF1"]
[Site "Birmingham ENG"]
[Date "2007.11.10"]
[Round "3.8"]
[White "Tavoularis, Nicholas"]
[Black "Ledger, Stephen C"]
[Result "1-0"]
[WhiteElo "2246"]
[BlackElo "2166"]
[PlyCount "85"]
[EventDate "2007.11.10"]
[EventType "team"]
[EventRounds "11"]
[EventCountry "ENG"]
[SourceDate "2007.09.15"]

1. c4 e5 2. Nc3 Nc6 3. g3 g6 4. Bg2 Bg7 5. e3 d6 6. Nge2 Be6 7. d3 Qd7 8. Nd5
Nge7 9. O-O O-O 10. Rb1 Nd8 11. b4 Nxd5 12. cxd5 Bh3 13. e4 Bxg2 14. Kxg2 f5
15. f3 Nf7 16. Rb3 c6 17. Nc3 h5 18. dxc6 bxc6 19. b5 cxb5 20. Rxb5 Rfc8 21.
Rb3 Nd8 22. Nd5 Ne6 23. Be3 Rab8 24. Qb1 Rxb3 25. Qxb3 Kh7 26. Rf2 Nc5 27. Bxc5
Rxc5 28. Rc2 Qc8 29. Rxc5 Qxc5 30. Ne7 fxe4 31. dxe4 Qc1 32. Qg8+ Kh6 33. Qe6
Qd2+ 34. Kh3 Qg5 35. Nf5+ Kh7 36. Nxd6 Qf6 37. Qxf6 Bxf6 38. Kg2 Kg8 39. Kf2
Kf8 40. Ke2 a6 41. Kd3 Ke7 42. Nb7 g5 43. h3 1-0

[Event "4NCL/Div1/CAMB1 vs. GUI1"]
[Site "Birmingham ENG"]
[Date "2007.11.10"]
[Round "3.1"]
[White "Rajlich, Iweta"]
[Black "Hebden, Mark L"]
[Result "1-0"]
[WhiteElo "2411"]
[BlackElo "2542"]
[PlyCount "73"]
[EventDate "2007.11.10"]
[EventType "team"]
[EventRounds "11"]
[EventCountry "ENG"]
[SourceDate "2007.09.15"]

1. d4 Nf6 2. c4 g6 3. Nc3 Bg7 4. e4 d6 5. Nf3 O-O 6. h3 e5 7. d5 a5 8. Bg5 Na6
9. Be2 Nc5 10. Nd2 Bd7 11. Nb3 Na4 12. Nxa4 Bxa4 13. Bd3 Qe8 14. g4 Nd7 15. Bc2
f5 16. Be3 fxe4 17. Nd2 Bxc2 18. Qxc2 c6 19. dxc6 bxc6 20. Nxe4 Nf6 21. Nxd6
Qb8 22. O-O-O a4 23. Ne4 Rf7 24. Rd2 Qb4 25. a3 Qa5 26. g5 Nd5 27. Rhd1 Nf4 28.
h4 Ne6 29. Rd6 Nd4 30. Bxd4 exd4 31. c5 Qa6 32. h5 gxh5 33. Nf6+ Bxf6 34. gxf6
Raf8 35. R6xd4 Rxf6 36. Rg1+ Kh8 37. Rd7 1-0

[Event "4NCL/Div1/CAMB1 vs. GUI1"]
[Site "Birmingham ENG"]
[Date "2007.11.10"]
[Round "3.2"]
[White "Pert, Nicholas"]
[Black "Mah, Karl C C"]
[Result "1/2-1/2"]
[WhiteElo "2539"]
[BlackElo "2410"]
[PlyCount "80"]
[EventDate "2007.11.10"]
[EventType "team"]
[EventRounds "11"]
[EventCountry "ENG"]
[SourceDate "2007.09.15"]

1. d4 e6 2. c4 Nf6 3. Nf3 d5 4. Nc3 c6 5. Bg5 h6 6. Bh4 g5 7. Bg3 dxc4 8. e4 b5
9. Be2 Nbd7 10. e5 Nd5 11. Nd2 Bb7 12. O-O Nxc3 13. bxc3 Nb6 14. Ne4 Be7 15. f4
c5 16. Nd6+ Bxd6 17. exd6 Qxd6 18. fxg5 Qe7 19. Bh5 Rf8 20. g6 fxg6 21. Rxf8+
Qxf8 22. Bxg6+ Kd7 23. Qh5 Qe7 24. Rf1 Rf8 25. Bf7 Bd5 26. Bh4 Qd6 27. Bg3 Qe7
28. Be5 cxd4 29. cxd4 Qg5 30. Qxg5 hxg5 31. Bxe6+ Ke8 32. Bf5 Ke7 33. g4 Nd7
34. Bg3 Nf6 35. Be1 Rg8 36. Bb4+ Kf7 37. Bd6 Kg7 38. Be5 Rf8 39. h4 Kh6 40. Bd6
Rf7 1/2-1/2

[Event "4NCL/Div1/CAMB1 vs. GUI1"]
[Site "Birmingham ENG"]
[Date "2007.11.10"]
[Round "3.3"]
[White "Pinter, Gabor"]
[Black "Conquest, Stuart C"]
[Result "1/2-1/2"]
[WhiteElo "2362"]
[BlackElo "2540"]
[PlyCount "65"]
[EventDate "2007.11.10"]
[EventType "team"]
[EventRounds "11"]
[EventCountry "ENG"]
[SourceDate "2007.09.15"]

1. e4 c5 2. Nf3 e6 3. d3 Nc6 4. g3 Nge7 5. Bg2 g6 6. O-O Bg7 7. c3 e5 8. a3 a5
9. a4 d6 10. Na3 O-O 11. Nb5 h6 12. Nd2 Na7 13. Na3 Be6 14. Ndc4 Rc8 15. f4
exf4 16. Bxf4 d5 17. Nd6 Rc6 18. Nab5 Nxb5 19. Nxb7 Qb6 20. axb5 Qxb5 21. Nxa5
Ra6 22. exd5 Bxd5 23. Nc4 Rxa1 24. Qxa1 Bxg2 25. Kxg2 Rd8 26. Rf3 Qc6 27. Kf2
g5 28. Qa7 g4 29. Re3 Nd5 30. Re4 Nf6 31. Re3 Nd5 32. Re4 Nf6 33. Re3 1/2-1/2

[Event "4NCL/Div1/CAMB1 vs. GUI1"]
[Site "Birmingham ENG"]
[Date "2007.11.10"]
[Round "3.4"]
[White "Cherniaev, Alexander"]
[Black "Rajlich, Vas"]
[Result "1-0"]
[WhiteElo "2484"]
[BlackElo "2304"]
[PlyCount "93"]
[EventDate "2007.11.10"]
[EventType "team"]
[EventRounds "11"]
[EventCountry "ENG"]
[SourceDate "2007.09.15"]

1. e4 c5 2. Nc3 g6 3. f4 Bg7 4. Nf3 Nc6 5. Bb5 d6 6. Bxc6+ bxc6 7. d3 Rb8 8. h3
e6 9. e5 dxe5 10. fxe5 Ne7 11. Ne4 O-O 12. b3 Nf5 13. Bg5 Qa5+ 14. Qd2 Qxd2+
15. Kxd2 Nd4 16. Bf6 Nxf3+ 17. gxf3 Bxf6 18. Nxf6+ Kg7 19. h4 Rd8 20. h5 h6 21.
Rag1 a5 22. Rg3 Rb4 23. Ke3 g5 24. Ne4 Kh8 25. f4 gxf4+ 26. Kxf4 Rbd4 27. Rhg1
Rf8 28. c3 Rxe4+ 29. Kxe4 Ba6 30. c4 Rd8 31. Ke3 Rf8 32. d4 cxd4+ 33. Kxd4 Rd8+
34. Kc5 Bb7 35. Kb6 Ba8 36. Kc7 Rf8 37. c5 Re8 38. Kd7 Rb8 39. Ke7 Rb7+ 40. Kf6
Rb8 41. Rd1 Bb7 42. Rgd3 Ba6 43. Rd8+ Rxd8 44. Rxd8+ Kh7 45. Rf8 Bd3 46. Rxf7+
Kh8 47. Ra7 1-0

[Event "4NCL/Div1/CAMB1 vs. GUI1"]
[Site "Birmingham ENG"]
[Date "2007.11.10"]
[Round "3.5"]
[White "Moskovic, David M"]
[Black "Howell, David W L"]
[Result "0-1"]
[WhiteElo "2275"]
[BlackElo "2527"]
[PlyCount "126"]
[EventDate "2007.11.10"]
[EventType "team"]
[EventRounds "11"]
[EventCountry "ENG"]
[SourceDate "2007.09.15"]

1. e4 e5 2. f4 exf4 3. Bc4 Ne7 4. Nc3 Ng6 5. d4 Nc6 6. Nf3 Bb4 7. h4 h6 8. h5
Nge7 9. d5 Bxc3+ 10. bxc3 Na5 11. Be2 d6 12. c4 b6 13. Bxf4 Nb7 14. Nd4 Nc5 15.
e5 dxe5 16. Bxe5 Nf5 17. Nxf5 Bxf5 18. O-O Be4 19. Bf3 Qg5 20. Bxc7 O-O 21. Qd4
Rfe8 22. d6 Bxf3 23. Rxf3 Re2 24. Rf2 Rxf2 25. Kxf2 Ne6 26. Qe4 Re8 27. d7 Qd2+
28. Kg1 Qxd7 29. Bg3 Nd4 30. Qh4 Nf5 31. Qg4 Qd2 32. Kh2 Ne3 33. Qf3 Qd4 34.
Re1 Ng4+ 35. Kh3 Rxe1 36. Bxe1 Ne5 37. Qa8+ Kh7 38. Qxa7 Qg4+ 39. Kh2 Qxh5+ 40.
Kg1 Nxc4 41. Bf2 Qd1+ 42. Kh2 f6 43. Qa4 Qe2 44. Qb3 f5 45. a4 Nd2 46. Qxb6
Qh5+ 47. Kg1 Qd1+ 48. Kh2 Nf1+ 49. Kg1 Ne3+ 50. Kh2 Ng4+ 51. Kg3 Qxc2 52. Qd4
Qb3+ 53. Kf4 Qe6 54. Bg1 Nf6 55. Kf3 Qc6+ 56. Kg3 Ne4+ 57. Kf4 Qg6 58. Ke5 Qxg2
59. Kxf5 Ng5 60. a5 Qc2+ 61. Kg4 Qg2+ 62. Kf5 Qh3+ 63. Qg4 g6+ 0-1

[Event "4NCL/Div1/CAMB1 vs. GUI1"]
[Site "Birmingham ENG"]
[Date "2007.11.10"]
[Round "3.6"]
[White "Shaw, John K"]
[Black "Beckett, Chris J"]
[Result "1-0"]
[WhiteElo "2446"]
[BlackElo "2106"]
[Annotator "Armstrong,Malcolm"]
[PlyCount "78"]
[EventDate "2007.11.10"]
[EventType "team"]
[EventRounds "11"]
[EventCountry "ENG"]
[SourceDate "2007.09.15"]

1. e4 e6 2. d4 d5 3. Nd2 Nf6 4. e5 Nfd7 5. c3 c5 6. Bd3 Nc6 7. Ne2 cxd4 8. cxd4
f6 9. exf6 Qxf6 10. Nf3 Bd6 11. Bg5 Qf7 12. O-O Nf8 13. Bh4 Ng6 14. Bg3 Be7 15.
Rc1 Bd7 16. a3 Rc8 17. Bb1 O-O 18. Qd3 Rfe8 19. Rc3 Bf6 20. Rfc1 e5 21. dxe5
Ncxe5 22. Bxe5 Bxe5 23. Rxc8 Rxc8 24. Rxc8+ Bxc8 25. Nxe5 Nxe5 26. Qxh7+ Kf8
27. Qh8+ Qg8 28. Qh4 Qe6 29. Nd4 Qg4 30. Qd8+ Kf7 31. Qxd5+ Be6 32. Qxe6+ Qxe6
33. Nxe6 Kxe6 34. f4 Nc6 35. Kf2 Kd6 36. Ke3 b6 37. Ke4 Na5 38. Ba2 Nc6 39. Kf5
Ne7+ {time} 1-0

[Event "4NCL/Div1/CAMB1 vs. GUI1"]
[Site "Birmingham ENG"]
[Date "2007.11.10"]
[Round "3.7"]
[White "Churm, Rohan M"]
[Black "Tissir, Mohamed"]
[Result "1-0"]
[WhiteElo "2178"]
[BlackElo "2444"]
[PlyCount "69"]
[EventDate "2007.11.10"]
[EventType "team"]
[EventRounds "11"]
[EventCountry "ENG"]
[SourceDate "2007.09.15"]

1. e4 c5 2. Nc3 Nc6 3. g3 g6 4. Bg2 Bg7 5. d3 d6 6. Be3 e5 7. Nd5 Nge7 8. Nxe7
Qxe7 9. Ne2 O-O 10. O-O f5 11. c3 Kh8 12. Qd2 Rf7 13. Rad1 Qf8 14. d4 cxd4 15.
cxd4 fxe4 16. d5 Ne7 17. Nc3 Bg4 18. Rc1 Nf5 19. Nxe4 Nxe3 20. fxe3 Rxf1+ 21.
Rxf1 Qe7 22. Qb4 Bf8 23. Nxd6 Be2 24. Rf7 Qxd6 25. Qxb7 Kg8 26. Rf2 Rb8 27.
Qf7+ Kh8 28. Rxe2 Qc5 29. Qf6+ Bg7 30. Qc6 Qa5 31. d6 Qxa2 32. d7 Rf8 33. Rf2
Rxf2 34. Kxf2 Qxb2+ 35. Kg1 1-0

[Event "4NCL/Div1/CAMB1 vs. GUI1"]
[Site "Birmingham ENG"]
[Date "2007.11.10"]
[Round "3.8"]
[White "Lalic, Susan"]
[Black "Eckersley-Waites, Adam"]
[Result "0-1"]
[WhiteElo "2338"]
[BlackElo "2175"]
[PlyCount "68"]
[EventDate "2007.11.10"]
[EventType "team"]
[EventRounds "11"]
[EventCountry "ENG"]
[SourceDate "2007.09.15"]

1. e4 c5 2. c3 Nf6 3. e5 Nd5 4. d4 e6 5. Nf3 cxd4 6. cxd4 d6 7. a3 Bd7 8. Bd3
Bc6 9. O-O Nd7 10. Re1 dxe5 11. dxe5 g6 12. Bd2 Bg7 13. Nc3 O-O 14. Qe2 Qb6 15.
Nxd5 Bxd5 16. Bc3 Rfd8 17. h4 Rac8 18. Rad1 Qc7 19. Ng5 h6 20. Nh3 Bb3 21. Rd2
Nc5 22. Bb1 Rxd2 23. Qxd2 b6 24. Qe3 a5 25. Nf4 Rd8 26. Bd4 a4 27. Bc3 Rd7 28.
Bb4 Qd8 29. Bxc5 bxc5 30. h5 g5 31. Nd3 c4 32. Nc5 Rd5 33. Nxb3 Rxe5 34. Qd2
Qxd2 0-1

[Event "4NCL/Div1/RIC vs. BAR2"]
[Site "Birmingham ENG"]
[Date "2007.11.10"]
[Round "3.1"]
[White "Gormally, Daniel W"]
[Black "Collinson, Adam"]
[Result "1/2-1/2"]
[WhiteElo "2484"]
[BlackElo "2385"]
[PlyCount "61"]
[EventDate "2007.11.10"]
[EventType "team"]
[EventRounds "11"]
[EventCountry "ENG"]
[SourceDate "2007.09.15"]

1. Nf3 Nf6 2. d4 d6 3. Nc3 Bf5 4. Nh4 Bd7 5. e4 e5 6. Nf3 exd4 7. Nxd4 Nc6 8.
Be2 Be7 9. O-O O-O 10. Be3 Re8 11. f3 a6 12. Qd2 b5 13. a3 Nxd4 14. Bxd4 c5 15.
Bf2 Bc6 16. Rad1 Qc7 17. Nd5 Nxd5 18. exd5 Bd7 19. c3 Bf8 20. Bd3 g6 21. Rde1
Rxe1 22. Rxe1 Re8 23. Re4 Rxe4 24. fxe4 Bg7 25. Bg3 c4 26. Bc2 Qb6+ 27. Bf2 Qd8
28. Bd4 Qe7 29. Bxg7 Kxg7 30. Qd4+ Qe5 31. Kf2 1/2-1/2

[Event "4NCL/Div1/RIC vs. BAR2"]
[Site "Birmingham ENG"]
[Date "2007.11.10"]
[Round "3.2"]
[White "Berry, Neil"]
[Black "Bates, Richard A"]
[Result "1-0"]
[WhiteElo "2307"]
[BlackElo "2378"]
[PlyCount "71"]
[EventDate "2007.11.10"]
[EventType "team"]
[EventRounds "11"]
[EventCountry "ENG"]
[SourceDate "2007.09.15"]

1. d4 Nf6 2. c4 g6 3. Nc3 Bg7 4. e4 d6 5. Nf3 O-O 6. h3 Na6 7. Bg5 Qe8 8. g4
Kh8 9. Be2 Ng8 10. Qd2 e5 11. O-O-O exd4 12. Nxd4 Nc5 13. f3 f5 14. exf5 gxf5
15. Nd5 Qf7 16. Be3 c6 17. Nc3 f4 18. Bf2 Be5 19. Nb3 Nxb3+ 20. axb3 a5 21. Bd4
a4 22. Bxe5+ dxe5 23. bxa4 Nf6 24. Qd6 Re8 25. Bd3 b5 26. cxb5 cxb5 27. Bxb5
Re7 28. Rhe1 Ne8 29. Qd5 Nc7 30. Qxf7 Rxf7 31. Rd8+ Kg7 32. Bc6 Bb7 33. Rxa8
Bxc6 34. Ra7 Bxf3 35. Rxe5 Bg2 36. Rf5 1-0

[Event "4NCL/Div1/RIC vs. BAR2"]
[Site "Birmingham ENG"]
[Date "2007.11.10"]
[Round "3.3"]
[White "Hinks-Edwards, Thomas"]
[Black "Devereaux, Maxim"]
[Result "1/2-1/2"]
[WhiteElo "2365"]
[BlackElo "2350"]
[PlyCount "51"]
[EventDate "2007.11.10"]
[EventType "team"]
[EventRounds "11"]
[EventCountry "ENG"]
[SourceDate "2007.09.15"]

1. e4 e5 2. Nf3 Nc6 3. Bb5 a6 4. Ba4 Nf6 5. O-O Be7 6. Qe2 b5 7. Bb3 O-O 8. c3
d6 9. d4 Bg4 10. Rd1 exd4 11. cxd4 d5 12. e5 Ne4 13. h3 Bh5 14. Nc3 Nxc3 15.
bxc3 Qd7 16. Bc2 Nd8 17. a4 Rb8 18. axb5 axb5 19. Ba3 Bg6 20. Bxg6 hxg6 21. Ne1
Bxa3 22. Rxa3 b4 23. Rb3 Nc6 24. cxb4 Rxb4 25. Rxb4 Nxb4 26. Nd3 1/2-1/2

[Event "4NCL/Div1/RIC vs. BAR2"]
[Site "Birmingham ENG"]
[Date "2007.11.10"]
[Round "3.4"]
[White "Taylor, Martin R"]
[Black "Wall, Gavin"]
[Result "1-0"]
[WhiteElo "2337"]
[BlackElo "2307"]
[PlyCount "57"]
[EventDate "2007.11.10"]
[EventType "team"]
[EventRounds "11"]
[EventCountry "ENG"]
[SourceDate "2007.09.15"]

1. d4 f5 2. g3 Nf6 3. Bg2 g6 4. Nf3 Bg7 5. O-O O-O 6. c4 d6 7. Nc3 Qe8 8. e4
fxe4 9. Ng5 Nc6 10. Be3 h6 11. Ngxe4 Ng4 12. Nd5 Qd8 13. Qd3 Bf5 14. h3 Nxe3
15. fxe3 e6 16. Nf4 e5 17. Ne2 exd4 18. Nxd4 Nxd4 19. exd4 h5 20. Rae1 Qd7 21.
Kh2 Qa4 22. g4 hxg4 23. hxg4 Bxg4 24. Nf6+ Rxf6 25. Rxf6 Qa5 26. Bd5+ Kh8 27.
Rh1 Bh5 28. Rxg6 c6 29. Kg2 1-0

[Event "4NCL/Div1/RIC vs. BAR2"]
[Site "Birmingham ENG"]
[Date "2007.11.10"]
[Round "3.5"]
[White "Bisby, Daniel L"]
[Black "Eggleston, David J"]
[Result "0-1"]
[WhiteElo "2276"]
[BlackElo "2341"]
[PlyCount "74"]
[EventDate "2007.11.10"]
[EventType "team"]
[EventRounds "11"]
[EventCountry "ENG"]
[SourceDate "2007.09.15"]

1. e4 c5 2. Nc3 d6 3. Nge2 Nf6 4. g3 g6 5. Bg2 Bg7 6. d3 Nc6 7. h3 e5 8. O-O
O-O 9. Be3 Nd4 10. f4 Ne8 11. Rb1 Nc7 12. Qd2 Rb8 13. g4 f5 14. gxf5 gxf5 15.
Ng3 Qh4 16. Kh2 Be6 17. Nd5 Nxd5 18. exd5 Bd7 19. c3 Nb5 20. Rf3 Nc7 21. fxe5
Bxe5 22. d4 cxd4 23. cxd4 Bg7 24. Rbf1 Rbe8 25. Nxf5 Bxf5 26. Rxf5 Rxf5 27.
Rxf5 Nb5 28. Rf4 Qh5 29. Bf3 Qg6 30. Rg4 Qf6 31. Bh6 Nxd4 32. Bd1 Nf5 33. Bxg7
Nxg7 34. Bc2 Qe5+ 35. Rg3 Rf8 36. Qg2 Kh8 37. h4 Nh5 0-1

[Event "4NCL/Div1/RIC vs. BAR2"]
[Site "Birmingham ENG"]
[Date "2007.11.10"]
[Round "3.6"]
[White "Pritchett, Craig W"]
[Black "Osborne, Marcus E"]
[Result "1/2-1/2"]
[WhiteElo "2316"]
[BlackElo "2258"]
[PlyCount "119"]
[EventDate "2007.11.10"]
[EventType "team"]
[EventRounds "11"]
[EventCountry "ENG"]
[SourceDate "2007.09.15"]

1. e4 c5 2. Nf3 Nc6 3. Bb5 g6 4. Bxc6 bxc6 5. d4 Ba6 6. Nc3 Bg7 7. e5 cxd4 8.
Qxd4 Nh6 9. Bf4 f6 10. exf6 Bxf6 11. Qa4 Bxc3+ 12. bxc3 Bb5 13. Qd4 Nf7 14. a4
Ba6 15. h4 Qa5 16. h5 c5 17. Qe3 O-O-O 18. hxg6 hxg6 19. Rxh8 Rxh8 20. Kd2 Nd6
21. Bxd6 exd6 22. Qe4 Bb7 23. Qxg6 Rf8 24. Qxd6 Rf5 25. Ne5 Rxf2+ 26. Ke3 Rf7
27. Nxf7 Qxc3+ 28. Qd3 Qxa1 29. Nd6+ Kc7 30. Nxb7 Kxb7 31. Qxd7+ Kb8 32. Qb5+
Ka8 33. Qc6+ Kb8 34. Qe8+ Kc7 35. Qe7+ Kb6 36. Qd6+ Kb7 37. Qd7+ Kb8 38. Qb5+
Ka8 39. Qc6+ Kb8 40. Qe4 Qc3+ 41. Kf2 Qd2+ 42. Kg3 Qc3+ 43. Kh2 Kc7 44. g4 Kb6
45. Qd3 Qe5+ 46. Kh3 a6 47. Qd8+ Kc6 48. Qc8+ Kb6 49. Qd8+ Kc6 50. Qc8+ Kb6 51.
Qf5 Qe3+ 52. Kh4 Qh6+ 53. Kg3 Qe3+ 54. Qf3 Qe5+ 55. Kh3 Ka5 56. Qf5 Qe3+ 57.
Kh4 Qh6+ 58. Kg3 Qe3+ 59. Kh4 Qh6+ 60. Kg3 1/2-1/2

[Event "4NCL/Div1/RIC vs. BAR2"]
[Site "Birmingham ENG"]
[Date "2007.11.10"]
[Round "3.7"]
[White "Chevannes, Sabrina"]
[Black "Lewis, Andrew P"]
[Result "1-0"]
[WhiteElo "2073"]
[BlackElo "2296"]
[PlyCount "101"]
[EventDate "2007.11.10"]
[EventType "team"]
[EventRounds "11"]
[EventCountry "ENG"]
[SourceDate "2007.09.15"]

1. d4 Nf6 2. Nf3 g6 3. Nc3 d5 4. Bf4 Bg7 5. Qd2 O-O 6. Bh6 Ne4 7. Nxe4 dxe4 8.
Bxg7 Kxg7 9. Ng5 f5 10. h4 e5 11. O-O-O Qxd4 12. Qa5 b6 13. Rxd4 bxa5 14. Rd5
h6 15. Nh3 Kf6 16. Rxa5 e3 17. fxe3 e4 18. Nf4 c6 19. g4 fxg4 20. Bg2 Bf5 21.
Rd1 Nd7 22. Rd6+ Kf7 23. Rxc6 Nf6 24. Raa6 Kg7 25. Ne6+ Bxe6 26. Rxe6 Rf7 27.
Bxe4 Nxe4 28. Rxe4 Rd8 29. b3 h5 30. Ree6 Rf1+ 31. Kb2 Kf7 32. Rxg6 Rh1 33. Rh6
Rxh4 34. Rxa7+ Kg8 35. Ra5 Kg7 36. Rhxh5 Rxh5 37. Rxh5 Kg6 38. Rh1 Kg5 39. a4
g3 40. a5 Kg4 41. b4 Rb8 42. Kb3 g2 43. Rg1 Kg3 44. c4 Kf2 45. Rxg2+ Kxg2 46.
b5 Kf2 47. b6 Kxe3 48. c5 Kd4 49. c6 Re8 50. c7 Re3+ 51. Kb4 1-0

[Event "4NCL/Div1/RIC vs. BAR2"]
[Site "Birmingham ENG"]
[Date "2007.11.10"]
[Round "3.8"]
[White "Jule, Alexandra"]
[Black "Mitchem, Nicholas D"]
[Result "1-0"]
[WhiteElo "1896"]
[BlackElo "2041"]
[PlyCount "61"]
[EventDate "2007.11.10"]
[EventType "team"]
[EventRounds "11"]
[EventCountry "ENG"]
[SourceDate "2007.09.15"]

1. d4 Nf6 2. Nf3 e6 3. Bf4 Be7 4. e3 b6 5. h3 Bb7 6. Nbd2 d6 7. Bd3 Nbd7 8. O-O
O-O 9. Rc1 Nd5 10. Bh2 f5 11. c4 Nb4 12. Bb1 Nc6 13. a3 a5 14. Ba2 Nf6 15. d5
exd5 16. cxd5 Nb8 17. Nd4 Bc8 18. Qc2 Ne8 19. N2f3 Kh8 20. Rfe1 Bd7 21. e4 fxe4
22. Qxe4 Bf6 23. Ne6 Bxe6 24. dxe6 Na6 25. e7 Bxe7 26. Qxe7 Qxe7 27. Rxe7 Nc5
28. Ng5 h6 29. Nf7+ Kh7 30. Rce1 Nd3 31. Bb1 1-0